Elenca la formazione - Quiz n°105 - Statistics

Statistiche generali
  • Questo quiz è stato fatto 45 volte
  • Il punteggio medio è 8 su 11
Statistiche sulle risposte
Ruolo Nazione Calciatore % Corretto
Portiere Spagna David de Gea
100%
Attaccante Inghilterra Wayne Rooney
90%
Difensore Ecuador Antonio Valencia
87%
Difensore Inghilterra Chris Smalling
72%
Centrocampista Belgio Marouane Fellaini
69%
Centrocampista Spagna Juan Mata
67%
Mediano Inghilterra Michael Carrick
67%
Difensore Paesi Bassi Daley Blind
62%
Difensore Inghilterra Phil Jones
62%
Centrocampista Spagna Ander Herrera
59%
Centrocampista Inghilterra Ashley Young
26%
Nessun quiz corrispondente trovato
Distribuzione punteggi
Percentuale di utenti per punteggio
Percentile per numero di risposta
I tuoi punteggi nel tempo
Non hai fatto questo quiz